000 00432nam a2200169Ia 4500
001 28307
003 IN-NITTTR
005 20251114233350.0
008 251113s9999||||xx |||||||||||||| ||eng||
040 _beng
040 _cIN-NITTTR
041 _aeng
082 _a348.54025 M983S
100 _aMuthuswamy, Brinda
245 0 _aSwamy's compilation of central civil srvices conduct rules /
_cMuthuswamy, Brinda
942 _2ddc
_cBK
999 _c30935
_d30935